POISONOUS(VISA)PLANTS IN AYURVEDA. (Record no. 482006)

MARC details
000 -LEADER
fixed length control field 00401pam a2200157a 44500
008 - FIXED-LENGTH DATA ELEMENTS--GENERAL INFORMATION
fixed length control field 230515b2003 xxu||||| |||| 00| 0 eng d
020 ## - INTERNATIONAL STANDARD BOOK NUMBER
International Standard Book Number 81-86937-53-6
041 ## - LANGUAGE CODE
Language code of text/sound track or separate title ENGLISH
082 ## - DEWEY DECIMAL CLASSIFICATION NUMBER
Classification number 614
100 ## - MAIN ENTRY--PERSONAL NAME
Personal name SING L B
245 ## - TITLE STATEMENT
Title POISONOUS(VISA)PLANTS IN AYURVEDA.
250 ## - EDITION STATEMENT
Edition statement 2
260 ## - PUBLICATION, DISTRIBUTION, ETC.
Place of publication, distribution, etc. VARANASI
Name of publisher, distributor, etc. CHAUKHAMBA SANSKRUT
Date of publication, distribution, etc. 2003
300 ## - PHYSICAL DESCRIPTION
Extent 215
650 ## - SUBJECT ADDED ENTRY--TOPICAL TERM
Topical term or geographic name entry element POISONOUS(VISA)PLANTS IN AYURVEDA.
Holdings
Withdrawn status Lost status Damaged status Not for loan Home library Current library Shelving location Date acquired Source of acquisition Cost, normal purchase price Total Checkouts Full call number Barcode Date last seen Price effective from Koha item type
        College of Ayurved, Pune College of Ayurved, Pune 35/B/2 16/12/2009 BHARATI MADH. SAHA. GRAH. BHANDAR LTD. 300.00   614 ACP-PG-2445 28/06/2023 28/06/2023 Book